|
|
|
|
| LEADER |
01000cam a2200265 c 4500 |
| 001 |
097987336 |
| 003 |
DE-627 |
| 005 |
20251012074738.0 |
| 007 |
tu |
| 008 |
061003s1986 xx ||||| 00| ||ger c |
| 035 |
|
|
|a (DE-627)097987336
|
| 035 |
|
|
|a (DE-599)GBV097987336
|
| 035 |
|
|
|a (OCoLC)1159428163
|
| 040 |
|
|
|a DE-627
|b ger
|c DE-627
|e rakwb
|
| 041 |
|
|
|a ger
|
| 245 |
0 |
0 |
|a Kirchengrabungen
|
| 264 |
|
1 |
|c 1986
|
| 336 |
|
|
|a Text
|b txt
|2 rdacontent
|
| 337 |
|
|
|a ohne Hilfsmittel zu benutzen
|b n
|2 rdamedia
|
| 338 |
|
|
|a Band
|b nc
|2 rdacarrier
|
| 490 |
1 |
|
|a Archäologie in Deutschland / Hrsg.: Verband der Landesarchäologen in der Bundesrepublik Deutschland
|v 1986,3
|
| 583 |
1 |
|
|a Archivierung prüfen
|c 20251012
|f DE-4165
|z 1
|2 pdager
|
| 830 |
|
0 |
|a Archäologie in Deutschland
|v 1986,3
|9 1986,0000,03
|w (DE-627)129925721
|w (DE-576)015389782
|w (DE-600)351220-4
|x 0176-8522
|7 am
|
| 912 |
|
|
|a GBV_ILN_39
|
| 912 |
|
|
|a ISIL_DE-547
|
| 912 |
|
|
|a SYSFLAG_1
|
| 912 |
|
|
|a GBV_KXP
|
| 912 |
|
|
|a GBV_ILN_235
|
| 912 |
|
|
|a ISIL_DE-616
|
| 912 |
|
|
|a GBV_ILN_235_S35
|
| 912 |
|
|
|a GBV_ILN_350
|
| 912 |
|
|
|a ISIL_DE-2795
|
| 912 |
|
|
|a GBV_ILN_350_
|
| 912 |
|
|
|a GBV_ILN_352
|
| 951 |
|
|
|a BO
|
| 980 |
|
|
|2 39
|1 01
|x 0547
|b 3510847075
|c 00
|f MAG
|d 420859-1986/87 angeb. 02
|e s
|j --%%--
|c 05
|f --%%--
|d Bibliothek Teufel
|e --%%--
|j --%%--
|h t-2019
|k Jg.1986 - Jg.1987 zusammengebunden. Suche unter Signatur : 420859-1986/87
|y ke
|z 02-09-19
|
| 980 |
|
|
|2 235
|1 01
|x 3235/035
|b 1577052781
|c 00
|f NLD H
|d Z. R 0/ 4
|e i
|j --%%--
|y zS35
|z 02-11-15
|
| 980 |
|
|
|2 350
|1 01
|x 8293
|b 097205583
|c 00
|f KELLER
|d Z 578
|e i
|j --%%--
|y n
|z 08-06-99
|
| 980 |
|
|
|2 352
|1 01
|x 4352/0002
|b 4717865049
|c 00
|f M02:Wolfenbüttel
|d ZSW 0825-1986,3
|e f
|j --%%--
|k Jahrgang 1986, Heft 3
|y zM02
|z 30-04-25
|
| 984 |
|
|
|2 352
|1 01
|x 4352/0002
|a 4352$200065337
|c 1986,3
|
| 985 |
|
|
|2 350
|1 01
|x 8293
|a 87/1383
|
| 985 |
|
|
|2 352
|1 01
|x 4352/0002
|a LV 5174
|
| 995 |
|
|
|2 39
|1 01
|x 0547
|a t-2019
|